Online
Catalog

General José María Córdova, 1799-1829 / (Record no. 6738)

MARC details
000 -CABECERA
campo de control de longitud fija 00800cam a2200217 a 4500
001 - NÚMERO DE CONTROL
campo de control 000006954
005 - FECHA Y HORA DE LA ÚLTIMA TRANSACCIÓN
campo de control 20200929154030.0
008 - DATOS DE LONGITUD FIJA--INFORMACIÓN GENERAL
campo de control de longitud fija 771209s1970 ck b 000 0bspa
040 ## - FUENTE DE LA CATALOGACIÓN
Centro catalogador/agencia de origen DO-SdBNP
Lengua de catalogación spa
Centro/agencia transcriptor BNPHU
082 ## - NÚMERO DE LA CLASIFICACIÓN DECIMAL DEWEY
Número de clasificación 923.586
Número de documento/Ítem C796B
100 1# - ENTRADA PRINCIPAL--NOMBRE DE PERSONA
Nombre de persona Botero Saldarriaga, Roberto,
Fechas asociadas al nombre 1870-1948.
9 (RLIN) 19317
245 10 - MENCIÓN DE TÍTULO
Título General José María Córdova, 1799-1829 /
Mención de responsabilidad, etc. Roberto Botero Saldarriaga.
260 ## - PUBLICACIÓN, DISTRIBUCIÓN, ETC.
Lugar de publicación, distribución, etc. Medellín, Colombia :
Nombre del editor, distribuidor, etc. Editorial Bedout,
Fecha de publicación, distribución, etc. 1970.
300 ## - DESCRIPCIÓN FÍSICA
Extensión 686 p. ;
Dimensiones 19 cm.
490 1# - MENCIÓN DE SERIE
Mención de serie Bolsilibros Bedout
Designación de volumen o secuencia 68
500 ## - NOTA GENERAL
Nota general Título de la cubierta: Córdoba.
504 ## - NOTA DE BIBLIOGRAFÍA, ETC.
Nota de bibliografía, etc. Incluye referencias bibliográficas.
600 14 - PUNTO DE ACCESO ADICIONAL DE MATERIA--NOMBRE DE PERSONA
Nombre de persona CORDOVA, JOSÉ MARÍA,
Fechas asociadas al nombre 1799-1829.
9 (RLIN) 19318
651 #4 - PUNTO DE ACCESO ADICIONAL DE MATERIA--NOMBRE GEOGRÁFICO
Nombre geográfico Colombia
Subdivisión general Historia
Subdivisión cronológica GUERRA DE INDEPENDENCIA, 1810-1822.
9 (RLIN) 16211
830 #0 - PUNTO DE ACCESO ADICIONAL DE SERIE-TÍTULO UNIFORME
Título uniforme Bolsilibros Bedout ;
Designación de volumen o secuencia 68
9 (RLIN) 3750
Holdings
Estado de retiro Estado de pérdida Restricciones de uso No para préstamo Código de colección Localización permanente Ubicación/localización actual Ubicación en estantería Fecha de adquisición Número de inventario Total de préstamos Signatura topográfica completa Código de barras Fecha visto por última vez Precio válido a partir de Tipo de ítem Koha
    Préstamo interno   Monografías: Libros y Folletos General General En catalogación 03.09.2009 LF1   923.586 C796B 6954-10 25.06.2020 25.06.2020 Préstamo interno

Powered by Koha